000 01082nam a2200313Ia 4500
005 20220316235234.0
008 121119s1999 mx a 000 j spa
020 _a9681641124
041 1 _aspa
100 1 _aHiawyn, Oram,
245 1 3 _aEn el desván
_cHiawyn Oram ; ilustraciones de Satoshi Kitamura ; traducción Catalina Domínguez
250 _aTercera reimpresión
264 1 _aMéxico
_bFondo de Cultura Económica
_c1999
300 _a26 páginas
_bilustraciones
_c23 cm.
336 _atexto
_btxt
_2rdacontent
337 _asin mediación
_bn
_2rdamedia
338 _avolumen
_bnc
_2rdacarrier
490 0 _aLos especiales de a la orilla del viento
650 1 4 _2LEMB
_aImaginación
_vCuentos
650 1 4 _2LEMB
_aCuentos japoneses
_ySiglo XX
650 1 4 _2LEMB
_aFantasía
_vCuentos
650 1 4 _2LEMB
_aJuegos infatiles
_vCuentos
650 1 4 _2LEMB
_aLiteratura infantil
700 1 _aKitamura, Satoshi
_eilustrador
_924065
700 1 _aDomínguez, Catalina
_etraductor
_98120
942 _2loc
_cBKLIT
040 _aCO-BoRNBP
_bspa
_erda
_cCO-BoRNBP
084 _aA HIA1
999 _c331
_d331